000 004630000a22001810004500
003 MACL
005 20150812155509.0
008 150812b xxu||||| |||| 00| 0 eng d
040 _aMACL
_cMACL
041 _aEnglish
082 _a370/VIS
100 _aViswanathan, V N
_95065
245 _aConsumer Rights in Service Sector
260 _bConcept Publishing Company
_c2008
_aNew Delhi
350 _a600
650 _aEducation
_95066
942 _cBK
_k370/VIS
_2ddc
999 _c42798
_d42798